Estadísticas para Países y capitales del mundo

Haz click aquí para intentar la prueba.

Estadísticas generales

  • Esta prueba ha sido intentada 11.806 veces
    (838 desde el último reinicio)
  • La puntuación promedio es 225 de 395

Estadísticas de respuestas

Respuesta% Correcto
España
91%
Alemania
90%
Andorra
88%
Madrid
87%
Dinamarca
86%
Francia
86%
Albania
85%
Bélgica
85%
Portugal
85%
Austria
84%
Berlín
84%
Finlandia
83%
Italia
83%
Estonia
82%
Lituania
82%
París
82%
Bruselas
81%
Ciudad del Vaticano
81%
Letonia
81%
Lisboa
81%
Noruega
81%
Suecia
81%
Andorra la Vella
80%
Grecia
80%
Irlanda
80%
Islandia
80%
Rusia
80%
Eslovaquia
79%
Hungría
79%
Luxemburgo
79%
Roma
79%
Suiza
79%
Bulgaria
78%
Eslovenia
78%
Polonia
78%
Ucrania
78%
Viena
78%
Atenas
76%
Bielorrusia
76%
Copenhague
76%
Dublín
76%
Malta
76%
Mónaco
76%
Oslo
76%
Países Bajos
76%
Reino Unido
76%
Rumanía
76%
Argentina
75%
China
75%
Croacia
75%
Moscú
75%
San Marino
75%
Budapest
74%
Estocolmo
74%
Macedonia del Norte
74%
República Checa
74%
Serbia
74%
Australia
73%
Brasil
73%
Kiev
73%
Londres
73%
Montenegro
73%
Sofía
73%
Armenia
72%
Bosnia y Herzegovina
72%
Chipre
72%
Corea del Norte
72%
Corea del Sur
72%
Helsinki
72%
Japón
72%
Amsterdam
71%
Argel
71%
Georgia
71%
India
71%
Tirana
71%
Afganistán
70%
Azerbaiyán
70%
Bucarest
70%
Colombia
70%
Varsovia
70%
Argelia
69%
Berna
69%
Chile
69%
Moldavia
69%
Praga
69%
Angola
68%
Canadá
68%
Egipto
68%
Irak
68%
Minsk
68%
Bolivia
67%
Buenos Aires
67%
Estados Unidos
67%
Indonesia
67%
Irán
67%
La Valeta
67%
Marruecos
67%
Reikiavik
67%
República del Congo
67%
Tallin
67%
Vietnam
67%
Zagreb
67%
Arabia Saudí
66%
Costa Rica
66%
Guinea
66%
México
66%
Mongolia
66%
Pakistán
66%
Pekín
66%
República Democrática del Congo
66%
Riga
66%
Turquía
66%
Bratislava
65%
Ecuador
65%
Filipinas
65%
Fiyi
65%
Israel
65%
Liechtenstein
65%
Nueva Zelanda
65%
Sarajevo
65%
Uruguay
65%
Venezuela
65%
Yemen
65%
Cuba
64%
Kosovo
64%
Libia
64%
Paraguay
64%
Perú
64%
Tailandia
64%
Tokio
64%
Vilna
64%
Bogotá
63%
Brasilia
63%
Catar
63%
Jordania
63%
Kenia
63%
Laos
63%
Níger
63%
Omán
63%
Seúl
63%
Belgrado
62%
Ciudad de Guatemala
62%
El Salvador
62%
Etiopía
62%
Guatemala
62%
Jamaica
62%
Madagascar
62%
Nepal
62%
Nigeria
62%
Uzbekistán
62%
Bangladés
61%
Belice
61%
Bután
61%
Camboya
61%
Camerún
61%
Haití
61%
Honduras
61%
Kazajistán
61%
Liubliana
61%
Nicaragua
61%
Nicosia
61%
Nueva Delhi
61%
Sudáfrica
61%
Sudán
61%
Turkmenistán
61%
Vaduz
61%
Zimbabue
61%
Antigua y Barbuda
60%
Benín
60%
Brunéi
60%
Chad
60%
Ciudad de Panamá
60%
Ghana
60%
Guinea Ecuatorial
60%
Líbano
60%
Panamá
60%
Santiago
60%
Skopie
60%
Zambia
60%
Bahamas
59%
Baréin
59%
Botsuana
59%
Dominica
59%
El Cairo
59%
Emiratos Árabes Unidos
59%
Eritrea
59%
Guinea Bisáu
59%
Islas Marshall
59%
Liberia
59%
Namibia
59%
Quito
59%
Siria
59%
Taiwán
59%
Túnez
59%
Birmania
58%
Guyana
58%
Islas Salomón
58%
Kirguizistán
58%
Kuwait
58%
Lima
58%
Malasia
58%
Ruanda
58%
Samoa
58%
Sri Lanka
58%
Tayikistán
58%
Timor Oriental
58%
Tuvalu
58%
Uganda
58%
Yibuti
58%
Ankara
57%
Barbados
57%
Burundi
57%
Cabo Verde
57%
Gabón
57%
Jerusalén
57%
Jerusalén Este
57%
Kiribati
57%
Malí
57%
Mozambique
57%
Podgorica
57%
República Dominicana
57%
Singapur
57%
Sudán del Sur
57%
Tanzania
57%
Togo
57%
Washington D.C.
57%
Burkina Faso
56%
Caracas
56%
Chisinau
56%
Gambia
56%
Maldivas
56%
Micronesia
56%
Ottawa
56%
Palaos
56%
Papúa Nueva Guinea
56%
Somalia
56%
Sucre
56%
Tonga
56%
Trinidad y Tobago
56%
Vanuatu
56%
Canberra
55%
Kabul
55%
Lesoto
55%
Mauritania
55%
Pyongyang
55%
Senegal
55%
Bagdad
54%
Bakú
54%
Ciudad de México
54%
Granada
54%
La Habana
54%
Montevideo
54%
Nauru
54%
Santa Lucía
54%
Surinam
54%
Tiflis
54%
Asunción
53%
Bangkok
53%
Comoras
53%
Costa de Marfil
53%
Doha
53%
Esuatini
53%
Manila
53%
Mauricio
53%
Rabat
53%
Riad
53%
Yakarta
53%
Seychelles
52%
Teherán
52%
Ulán Bator
52%
Ereván
51%
República Centroafricana
51%
San José
51%
Santo Tomé
51%
Santo Tomé y Príncipe
51%
Sierra Leona
51%
Abu Dabi
50%
Wellington
50%
Damasco
49%
Hanoi
49%
Islamabad
49%
San Salvador
49%
San Vicente y las Granadinas
49%
Taipéi
49%
Amán
48%
Beirut
48%
Daca
48%
Malaui
48%
Managua
48%
Nairobi
48%
San Cristóbal y Nieves
48%
Trípoli
48%
Katmandú
47%
Kuala Lumpur
47%
Luanda
47%
Astaná
46%
Georgetown
46%
Pretoria, Bloemfontein, Ciudad del Cabo
46%
Pristina
46%
Saná
46%
Tegucigalpa
46%
Antananarivo
45%
Belmopán
45%
Dakar
45%
Kingston
45%
Palestina
45%
Phnom Penh
45%
Puerto Príncipe
45%
Santo Domingo
45%
Adís Abeba
44%
Dili
44%
Manama
43%
Bisáu
42%
Malé
42%
Timbu
42%
Vientián
42%
Biskek
41%
Kinshasa
41%
Libreville
41%
Mascate
41%
Suva
41%
Maputo
40%
Praia
40%
Abuya
39%
Asmara
39%
Freetown
39%
Jartum
39%
Porto-Novo
39%
Saint John
39%
Taskent
39%
Uagadugú
39%
Yaundé
39%
Asjabad
38%
Dusambé
38%
Harare
38%
Lomé
38%
Mogadiscio
38%
Monrovia
38%
Naipyidó
38%
Puerto España
38%
Yamena
38%
Bamako
37%
Brazzaville
37%
Gaborone
37%
Malabo
37%
Paramaribo
37%
Sri Jayawardenapura Kotte
37%
Yuba
37%
Apia
36%
Dodoma
36%
Gitega
36%
Kampala
36%
Kigali
36%
Mbabane
36%
Nassau
36%
Port Vila
36%
Victoria
36%
Windhoek
36%
Bangui
35%
Banjul
35%
Moroni
35%
Nuakchot
35%
Port Moresby
35%
Bridgetown
34%
Funafuti
34%
Kingstown
34%
Lusaka
34%
Maseru
34%
Niamey
34%
Port Louis
34%
Yamusukro
34%
Conakry
33%
Honiara
33%
Roseau
33%
Saint George
33%
Accra
32%
Bandar Seri Begawan
32%
Tarawa
32%
Castries
31%
Lilongüe
31%
Ngerulmud
31%
Palikir
31%
Yaren
31%
Majuro
30%
Nukualofa
30%
Basseterre
28%
Sahara Occidental
21%
Abjasia
20%
Osetia del Sur
17%
Transnistria
17%
El Aiún
13%
Tiraspol
13%
Sujumi
9%
Tsjinval
8%

Distribución de puntuación

Porcentaje por número respondido

Porcentaje de gente con cada puntuación

Historial de tus puntuaciones

No has intentado esta prueba desde el último reinicio